[Event "Titled Tuesday intern op 21st Dec"]
[Site "Chess.com INT"]
[Date "2021.12.21"]
[Round "9"]
[White "Bouget, Alexandre"]
[Black "Polaczek, Richard"]
[Result "0-1"]
[WhiteElo "2250"]
[BlackElo "2360"]
[PlyCount "86"]
[EventDate "2021.12.21"]
[EventType "swiss (blitz)"]
[EventRounds "11"]
[EventCountry "USA"]
[SourceTitle "CBM 205 Extra"]
[Source "ChessBase"]
[SourceDate "2022.01.31"]
[SourceVersion "1"]
[SourceVersionDate "2022.01.31"]
[SourceQuality "1"]

1. Nc3 Nf6 2. e4 d5 3. e5 Nfd7 4. e6 fxe6 5. Bd3 Nf6 6. g4 g6 7. g5 Nh5 8. Nge2 Bg7 9. Ng3 Nf4 10. Bf1 e5 11. h4 e4 12. d3 O-O 13. dxe4 d4 14. Bc4+ Be6 15. Bxe6+ Nxe6 16. Nce2 Nc6 17. h5 Nc5 18. hxg6 hxg6 19. Nf4 Qd6 20. Qg4 Ne5 21. Qh3 Rxf4 22. Bxf4 Ned3+ 23. cxd3 Nxd3+ 24. Kf1 Nxf4 25. Qh7+ Kf7 26. Nf5 gxf5 27. exf5 Qa6+ 28. Kg1 Rh8 29. g6+ Kf6 30. Qxh8 Bxh8 31. Rxh8 Qc6 32. Rf8+ Kg7 33. Rf7+ Kg8 34. Kf1 Qg2+ 35. Ke1 Qg1+ 36. Kd2 Qxa1 37. Rxe7 Qxb2+ 38. Kd1 d3 39. Re8+ Kg7 40. Re7+ Kf8 41. Rf7+ Kg8 42. f6 Qc2+ 43. Ke1 Qe2# 0-1

[Event "Titled Tuesday intern op 21st Dec"]
[Site "Chess.com INT"]
[Date "2021.12.21"]
[Round "9"]
[White "Bures, Vit"]
[Black "Silvestre, Christian"]
[Result "1-0"]
[WhiteElo "2119"]
[BlackElo "1942"]
[PlyCount "93"]
[EventDate "2021.12.21"]
[EventType "swiss (blitz)"]
[EventRounds "11"]
[EventCountry "USA"]
[SourceTitle "CBM 205 Extra"]
[Source "ChessBase"]
[SourceDate "2022.01.31"]
[SourceVersion "1"]
[SourceVersionDate "2022.01.31"]
[SourceQuality "1"]

1. d4 d6 2. e4 e5 3. Nf3 exd4 4. Nxd4 g6 5. Nc3 Bg7 6. Be3 Nc6 7. Bc4 Bd7 8. Qd2 a6 9. O-O-O b5 10. Bd5 Ne5 11. Bxa8 Qxa8 12. Nd5 Qb7 13. b3 c6 14. Nc3 Nf6 15. f3 a5 16. Bh6 Bxh6 17. Qxh6 a4 18. Qg7 axb3 19. Qxh8+ Ke7 20. cxb3 b4 21. Nce2 c5 22. Nc2 Qa6 23. Nf4 Qa5 24. Kb1 c4 25. Nd5+ Nxd5 26. Rxd5 Qc7 27. Rhd1 cxb3 28. Qxe5+ Kd8 29. Qf6+ Ke8 30. axb3 Qc3 31. Qxc3 bxc3 32. Rxd6 Be6 33. Nd4 Bc8 34. Kc2 Ke7 35. Nb5 f5 36. Nxc3 fxe4 37. Nxe4 Bf5 38. Kc3 g5 39. b4 g4 40. b5 gxf3 41. gxf3 h5 42. b6 Bg4 43. fxg4 Kf7 44. b7 hxg4 45. b8=Q Kg7 46. Qc7+ Kf8 47. Rd8# 1-0

[Event "Titled Tuesday intern op 21st Dec"]
[Site "Chess.com INT"]
[Date "2021.12.21"]
[Round "9"]
[White "Buscar, Michael"]
[Black "Blokhin, Sofia"]
[Result "1-0"]
[WhiteElo "2088"]
[BlackElo "2032"]
[PlyCount "129"]
[EventDate "2021.12.21"]
[EventType "swiss (blitz)"]
[EventRounds "11"]
[EventCountry "USA"]
[SourceTitle "CBM 205 Extra"]
[Source "ChessBase"]
[SourceDate "2022.01.31"]
[SourceVersion "1"]
[SourceVersionDate "2022.01.31"]
[SourceQuality "1"]

1. e4 c5 2. Nf3 Nc6 3. Bb5 d6 4. O-O Qb6 5. a4 Nf6 6. Re1 e5 7. c3 a6 8. Bf1 Bg4 9. Na3 Qc7 10. Nc4 Be7 11. a5 O-O 12. Qa4 Bxf3 13. gxf3 Nh5 14. Nb6 Rae8 15. Nd5 Qd7 16. d3 f5 17. Qc4 Kh8 18. b4 fxe4 19. Qxe4 Bd8 20. bxc5 dxc5 21. Be3 Re6 22. Bxc5 Rg6+ 23. Kh1 Re8 24. f4 Nf6 25. Nxf6 gxf6 26. fxe5 Nxe5 27. d4 Reg8 28. Be2 Ng4 29. Qf3 Qc7 30. Qg3 Qc6+ 31. Bf3 Qb5 32. Qh4 Qd3 33. Re3 Qf5 34. Rg1 Bc7 35. Rxg4 Rxg4 36. Bxg4 Rxg4 37. Re8+ Kg7 38. Re7+ Kh8 39. Re8+ Kg7 40. Re7+ Kh8 41. Rxh7+ Kg8 42. Rh8+ Kf7 43. Qh7+ Ke6 44. Qxf5+ Kxf5 45. f3 Rf4 46. Rh7 Rxf3 47. Rxc7 Ke4 48. Kg2 Rxc3 49. Re7+ Kd3 50. Rxb7 Rc2+ 51. Kg3 Ke4 52. Rb6 Rc3+ 53. Kg4 f5+ 54. Kg5 Rc2 55. Re6+ Kd5 56. Re5+ Kc4 57. Kxf5 Rxh2 58. Re6 Rh5+ 59. Kf6 Rh6+ 60. Ke7 Rh7+ 61. Kd6 Rh1 62. Kc6 Rc1 63. Kb6 Kb3 64. Kxa6 Ka4 65. Rb6 1-0

[Event "Titled Tuesday intern op 21st Dec"]
[Site "Chess.com INT"]
[Date "2021.12.21"]
[Round "9"]
[White "Corrales Jimenez, Fidel"]
[Black "Triapishko, Alexandr"]
[Result "1/2-1/2"]
[WhiteElo "2530"]
[BlackElo "2506"]
[PlyCount "152"]
[EventDate "2021.12.21"]
[EventType "swiss (blitz)"]
[EventRounds "11"]
[EventCountry "USA"]
[SourceTitle "CBM 205 Extra"]
[Source "ChessBase"]
[SourceDate "2022.01.31"]
[SourceVersion "1"]
[SourceVersionDate "2022.01.31"]
[SourceQuality "1"]

1. d4 d6 2. Nf3 Nf6 3. g3 g6 4. Bg2 Bg7 5. O-O O-O 6. b3 c6 7. Bb2 Bf5 8. Re1 a5 9. a4 Na6 10. Nh4 Be4 11. f3 Bd5 12. e4 Be6 13. f4 Qc8 14. Nd2 Bh3 15. Bh1 e5 16. dxe5 dxe5 17. Bxe5 Rd8 18. Qe2 Nb4 19. Nc4 Ng4 20. Bxg7 Kxg7 21. Bf3 b5 22. Nb2 h5 23. Nd3 Qc7 24. Bxg4 Bxg4 25. Qd2 Qb6+ 26. Kg2 Qd4 27. f5 Nxd3 28. cxd3 Qxd3 29. Qg5 Qd2+ 30. Qxd2 Rxd2+ 31. Kg1 Rad8 32. Rac1 Rb2 33. Rxc6 g5 34. f6+ Kh7 35. Ng2 Rxb3 36. Rc5 bxa4 37. Rxg5 a3 38. h3 a2 39. Rxa5 Bxh3 40. Rxa2 Rxg3 41. Kh2 Rxg2+ 42. Rxg2 Bxg2 43. Kxg2 Kg6 44. e5 Kf5 45. Kg3 Re8 46. Kh4 Rxe5 47. Rf1+ Kg6 48. Rf2 Re4+ 49. Kh3 Rg4 50. Rf3 Rg5 51. Kh4 Rf5 52. Ra3 Rf4+ 53. Kg3 Rxf6 54. Kh4 Rf4+ 55. Kg3 Rg4+ 56. Kh3 f5 57. Ra8 Re4 58. Rf8 Re5 59. Kh4 Re4+ 60. Kg3 h4+ 61. Kf3 Ra4 62. Rg8+ Kf7 63. Rh8 Kg7 64. Rh5 Kg6 65. Rh8 h3 66. Rxh3 Ra3+ 67. Kg2 Rxh3 68. Kxh3 Kf6 69. Kg3 Ke5 70. Kf3 f4 71. Kf2 Ke4 72. Ke2 f3+ 73. Kf2 Kf4 74. Kf1 Ke3 75. Ke1 f2+ 76. Kf1 Kf3 1/2-1/2

[Event "Titled Tuesday intern op 21st Dec"]
[Site "Chess.com INT"]
[Date "2021.12.21"]
[Round "9"]
[White "De Souza, Cristiano Gomes"]
[Black "Sarkar, Justin"]
[Result "0-1"]
[WhiteElo "2018"]
[BlackElo "2321"]
[PlyCount "72"]
[EventDate "2021.12.21"]
[EventType "swiss (blitz)"]
[EventRounds "11"]
[EventCountry "USA"]
[SourceTitle "CBM 205 Extra"]
[Source "ChessBase"]
[SourceDate "2022.01.31"]
[SourceVersion "1"]
[SourceVersionDate "2022.01.31"]
[SourceQuality "1"]

1. d4 Nf6 2. c4 e6 3. Nf3 d5 4. Nc3 dxc4 5. Bg5 c5 6. e4 cxd4 7. Nxd4 Bc5 8. Ndb5 Qb6 9. Bxf6 Bxf2+ 10. Kd2 gxf6 11. Kc2 Ke7 12. Bxc4 a6 13. Na3 Qc5 14. Qe2 b5 15. Bxb5 axb5 16. Qxb5 Ba6 17. Qxc5+ Bxc5 18. Nab5 Rc8 19. a4 Nc6 20. Rad1 Bxb5 21. axb5 Nd4+ 22. Kb1 Rab8 23. Rd3 Nxb5 24. Rhd1 Nxc3+ 25. Rxc3 Bd6 26. Rxc8 Rxc8 27. h3 Rb8 28. Kc2 Be5 29. b3 Rc8+ 30. Kd2 Rd8+ 31. Kc2 Rxd1 32. Kxd1 Kd6 33. Kc2 Kc5 34. Kd3 Kb4 35. Kc2 h5 36. g4 h4 0-1

[Event "Titled Tuesday intern op 21st Dec"]
[Site "Chess.com INT"]
[Date "2021.12.21"]
[Round "9"]
[White "Derraugh, Geordie"]
[Black "Vidruska, Renate"]
[Result "1-0"]
[WhiteElo "2209"]
[BlackElo "2029"]
[PlyCount "51"]
[EventDate "2021.12.21"]
[EventType "swiss (blitz)"]
[EventRounds "11"]
[EventCountry "USA"]
[SourceTitle "CBM 205 Extra"]
[Source "ChessBase"]
[SourceDate "2022.01.31"]
[SourceVersion "1"]
[SourceVersionDate "2022.01.31"]
[SourceQuality "1"]

1. e4 e5 2. Nf3 Nf6 3. Nxe5 d6 4. Nf3 Nxe4 5. d4 d5 6. Bd3 Bd6 7. O-O O-O 8. c4 c6 9. Nc3 Nxc3 10. bxc3 dxc4 11. Bxc4 Bf5 12. Qb3 b5 13. Be2 Nd7 14. a4 a6 15. Bg5 Qc7 16. Rfe1 h6 17. Bh4 Be6 18. Qc2 Bd5 19. Qf5 Bxf3 20. gxf3 Bxh2+ 21. Kh1 Bd6 22. Bd3 g6 23. Rg1 Nb6 24. Bf6 Qd7 25. Rxg6+ fxg6 26. Qxg6+ 1-0

[Event "Titled Tuesday intern op 21st Dec"]
[Site "Chess.com INT"]
[Date "2021.12.21"]
[Round "9"]
[White "Doluhanova, Evgeniya"]
[Black "Hartikainen, Jarmo"]
[Result "1-0"]
[WhiteElo "2264"]
[BlackElo "2133"]
[PlyCount "81"]
[EventDate "2021.12.21"]
[EventType "swiss (blitz)"]
[EventRounds "11"]
[EventCountry "USA"]
[SourceTitle "CBM 205 Extra"]
[Source "ChessBase"]
[SourceDate "2022.01.31"]
[SourceVersion "1"]
[SourceVersionDate "2022.01.31"]
[SourceQuality "1"]

1. e4 c5 2. Nf3 Nc6 3. Bb5 e6 4. O-O Nge7 5. c3 a6 6. Ba4 d6 7. d4 cxd4 8. cxd4 Bd7 9. Nc3 g6 10. d5 Ne5 11. Nxe5 dxe5 12. Bg5 Bg7 13. d6 f6 14. dxe7 Qxe7 15. Qxd7+ Qxd7 16. Bxd7+ Kxd7 17. Rfd1+ Ke7 18. Be3 Rac8 19. f3 f5 20. Kf2 h5 21. h3 Rhd8 22. Ke2 Rxd1 23. Rxd1 b5 24. a3 Bf6 25. Rc1 Rd8 26. Na2 g5 27. Nb4 Rd7 28. Nxa6 g4 29. hxg4 hxg4 30. Rh1 Kf7 31. Rh7+ Bg7 32. Bh6 Kg6 33. Rxg7+ Rxg7 34. Bxg7 Kxg7 35. fxg4 fxg4 36. Nc5 Kf7 37. b3 Ke7 38. a4 bxa4 39. bxa4 Kd6 40. Nd3 Kc6 41. Nxe5+ 1-0

[Event "Titled Tuesday intern op 21st Dec"]
[Site "Chess.com INT"]
[Date "2021.12.21"]
[Round "9"]
[White "Elgersma, Onno"]
[Black "Begunov, Konstantin"]
[Result "1/2-1/2"]
[WhiteElo "2282"]
[BlackElo "2325"]
[PlyCount "118"]
[EventDate "2021.12.21"]
[EventType "swiss (blitz)"]
[EventRounds "11"]
[EventCountry "USA"]
[SourceTitle "CBM 205 Extra"]
[Source "ChessBase"]
[SourceDate "2022.01.31"]
[SourceVersion "1"]
[SourceVersionDate "2022.01.31"]
[SourceQuality "1"]

1. Nc3 d5 2. e4 dxe4 3. Nxe4 Bf5 4. Ng3 Bg6 5. Nf3 e6 6. d4 Nd7 7. Bd3 Ngf6 8. O-O c5 9. dxc5 Bxc5 10. Bg5 O-O 11. Bxg6 hxg6 12. c3 Qb6 13. Qb3 Qxb3 14. axb3 a6 15. Rfd1 Rfc8 16. h3 Kf8 17. Nd2 Be7 18. Nc4 Nd5 19. Bd2 Nc5 20. Ra3 Nd3 21. Ra2 Rc7 22. Be3 Nxe3 23. Nxe3 Rd8 24. Rd2 Rcd7 25. Kf1 Bg5 26. Ne4 Bxe3 27. fxe3 Nc1 28. Rxd7 Rxd7 29. Ra4 Nxb3 30. Rb4 Na5 31. Nc5 Rc7 32. Ne4 Ke7 33. Ke2 Nc6 34. Rb6 Ne5 35. Rb4 Nd7 36. Rd4 b5 37. Kd2 Nc5 38. Nxc5 Rxc5 39. b4 Rd5 40. Rxd5 exd5 41. Kd3 Kd6 42. Kd4 g5 43. g3 f6 44. e4 dxe4 45. Kxe4 g6 46. Kd4 f5 47. g4 f4 48. Ke4 Ke6 49. Kd4 Kd6 50. Ke4 f3 51. Kxf3 Kd5 52. Ke3 Kc4 53. Kd2 Kb3 54. Kd3 Kb2 55. Kd2 Kb3 56. Kd3 Kb2 57. Kd2 Ka2 58. Kc2 Ka3 59. Kd3 Kb2 1/2-1/2

[Event "Titled Tuesday intern op 21st Dec"]
[Site "Chess.com INT"]
[Date "2021.12.21"]
[Round "9"]
[White "Faizrakhmanov, Ramil"]
[Black "Cagara, Paulina"]
[Result "1-0"]
[WhiteElo "2480"]
[BlackElo "2045"]
[PlyCount "73"]
[EventDate "2021.12.21"]
[EventType "swiss (blitz)"]
[EventRounds "11"]
[EventCountry "USA"]
[SourceTitle "CBM 205 Extra"]
[Source "ChessBase"]
[SourceDate "2022.01.31"]
[SourceVersion "1"]
[SourceVersionDate "2022.01.31"]
[SourceQuality "1"]

1. e4 c6 2. d4 d5 3. e5 c5 4. Nf3 Nc6 5. dxc5 Bg4 6. Be2 e6 7. Be3 Bxf3 8. Bxf3 Nxe5 9. Be2 Nf6 10. O-O Be7 11. b4 O-O 12. c3 a5 13. a3 axb4 14. cxb4 b6 15. cxb6 Bxb4 16. axb4 Rxa1 17. Qd4 Ra2 18. Nc3 Nc6 19. Qc5 Rc2 20. Bd3 Rxc3 21. Qxc3 d4 22. Qxc6 dxe3 23. Be2 exf2+ 24. Rxf2 Qd5 25. Bf3 Qb3 26. b5 g5 27. h3 h5 28. Qc5 Qb1+ 29. Rf1 Qg6 30. b7 g4 31. Qxf8+ Kxf8 32. b8=Q+ Kg7 33. hxg4 hxg4 34. Qe5 gxf3 35. Rxf3 Qb1+ 36. Rf1 Qg6 37. Qxf6+ 1-0

[Event "Titled Tuesday intern op 21st Dec"]
[Site "Chess.com INT"]
[Date "2021.12.21"]
[Round "9"]
[White "Gaehwiler, Gabriel"]
[Black "Al Hosani, Omran"]
[Result "1-0"]
[WhiteElo "2400"]
[BlackElo "2202"]
[PlyCount "69"]
[EventDate "2021.12.21"]
[EventType "swiss (blitz)"]
[EventRounds "11"]
[EventCountry "USA"]
[SourceTitle "CBM 205 Extra"]
[Source "ChessBase"]
[SourceDate "2022.01.31"]
[SourceVersion "1"]
[SourceVersionDate "2022.01.31"]
[SourceQuality "1"]

1. Nf3 c5 2. e4 d6 3. d4 cxd4 4. Nxd4 Nf6 5. Nc3 a6 6. Bd3 e5 7. Nde2 Be7 8. a4 O-O 9. O-O Be6 10. b3 d5 11. exd5 Nxd5 12. Bb2 Nc6 13. Nxd5 Bxd5 14. Nc3 Be6 15. Be4 Nd4 16. Bxb7 Ra7 17. Be4 f5 18. Bd3 e4 19. Ne2 Nf3+ 20. gxf3 exd3 21. Nf4 Bf7 22. Qxd3 Rd7 23. Qxa6 Bd6 24. Ng2 Bd5 25. Qd3 Ba8 26. Qc3 Qg5 27. Rad1 Qh6 28. h4 Kh8 29. Rd3 Rc7 30. Qd2 Qxd2 31. Rxd2 Bb4 32. c3 Bxc3 33. Rc1 Bxd2 34. Rxc7 Rc8 35. Rxc8# 1-0

[Event "Titled Tuesday intern op 21st Dec"]
[Site "Chess.com INT"]
[Date "2021.12.21"]
[Round "9"]
[White "Gombocz, Ferenc Jr"]
[Black "Gurevich, Dmitry"]
[Result "0-1"]
[WhiteElo "2236"]
[BlackElo "2358"]
[PlyCount "118"]
[EventDate "2021.12.21"]
[EventType "swiss (blitz)"]
[EventRounds "11"]
[EventCountry "USA"]
[SourceTitle "CBM 205 Extra"]
[Source "ChessBase"]
[SourceDate "2022.01.31"]
[SourceVersion "1"]
[SourceVersionDate "2022.01.31"]
[SourceQuality "1"]

1. c4 e6 2. g3 d5 3. Bg2 Nf6 4. Nf3 Be7 5. O-O O-O 6. d4 dxc4 7. Ne5 Nc6 8. Nxc6 bxc6 9. Na3 Bxa3 10. bxa3 Rb8 11. Qa4 Qxd4 12. Be3 Qg4 13. Bxa7 Rb2 14. Bf3 Qh3 15. Qxc4 e5 16. Bg2 Qh5 17. Qxc6 Rxe2 18. Bc5 Re8 19. Rfe1 Rxe1+ 20. Rxe1 Bh3 21. Qxc7 Bxg2 22. Kxg2 h6 23. h3 Qf5 24. a4 e4 25. Bd4 Qf3+ 26. Kg1 Ra8 27. Qc6 Rd8 28. Bxf6 Qxf6 29. Qxe4 Rd4 30. Qe8+ Kh7 31. Qe5 Qxe5 32. Rxe5 Rxa4 33. Re2 Ra3 34. Rb2 f5 35. Kf1 g5 36. Ke2 h5 37. Kd2 f4 38. gxf4 gxf4 39. Ke2 Rxh3 40. a4 Ra3 41. Rb4 f3+ 42. Ke1 Kg6 43. Rf4 Kg5 44. Rb4 h4 45. Rb5+ Kg4 46. a5 h3 47. Rb1 Ra2 48. Rb4+ Kg5 49. Rb5+ Kg4 50. Rb4+ Kg5 51. Rb5+ Kg6 52. Rb6+ Kg7 53. Rb7+ Kg6 54. Rb6+ Kf5 55. Rb5+ Ke4 56. Rh5 Kd3 57. Rd5+ Ke4 58. Rh5 h2 59. Rxh2 Kd3 0-1

[Event "Titled Tuesday intern op 21st Dec"]
[Site "Chess.com INT"]
[Date "2021.12.21"]
[Round "9"]
[White "Hasangatin, Ramil"]
[Black "Gritsenko, Nikolai"]
[Result "1-0"]
[WhiteElo "2479"]
[BlackElo "2309"]
[PlyCount "53"]
[EventDate "2021.12.21"]
[EventType "swiss (blitz)"]
[EventRounds "11"]
[EventCountry "USA"]
[SourceTitle "CBM 205 Extra"]
[Source "ChessBase"]
[SourceDate "2022.01.31"]
[SourceVersion "1"]
[SourceVersionDate "2022.01.31"]
[SourceQuality "1"]

1. e4 d5 2. exd5 Nf6 3. Nf3 Nxd5 4. d4 Bf5 5. Nh4 Bc8 6. Be2 g6 7. O-O Bg7 8. c4 Nb6 9. Be3 O-O 10. Nc3 Nc6 11. c5 e5 12. cxb6 exd4 13. Nf3 dxe3 14. Qxd8 Rxd8 15. bxc7 exf2+ 16. Kxf2 Rd7 17. Rad1 Bxc3 18. Rxd7 Bxd7 19. bxc3 Rc8 20. Ng5 h6 21. Ne4 Kg7 22. Ke1 Rxc7 23. Nd6 Ne5 24. Kd2 Be6 25. Ne8+ Kf8 26. Nxc7 Bxa2 27. Ra1 1-0

[Event "Titled Tuesday intern op 21st Dec"]
[Site "Chess.com INT"]
[Date "2021.12.21"]
[Round "9"]
[White "Hernandez Jimenez, Alexander"]
[Black "Franca, Willian Bento"]
[Result "1/2-1/2"]
[WhiteElo "2167"]
[BlackElo "2179"]
[PlyCount "74"]
[EventDate "2021.12.21"]
[EventType "swiss (blitz)"]
[EventRounds "11"]
[EventCountry "USA"]
[SourceTitle "CBM 205 Extra"]
[Source "ChessBase"]
[SourceDate "2022.01.31"]
[SourceVersion "1"]
[SourceVersionDate "2022.01.31"]
[SourceQuality "1"]

1. e4 d6 2. d4 Nf6 3. Nc3 g6 4. f3 c6 5. Be3 Nbd7 6. Qd2 b5 7. a3 a5 8. h4 h5 9. Nh3 Bg7 10. Be2 Bb7 11. O-O O-O 12. Bh6 b4 13. Nd1 Qb6 14. Bxg7 Kxg7 15. Ne3 e5 16. c3 Ba6 17. Bxa6 Rxa6 18. axb4 axb4 19. Rxa6 Qxa6 20. cxb4 Rb8 21. dxe5 dxe5 22. Nf2 Nb6 23. Rc1 Qa4 24. Nf5+ gxf5 25. Qg5+ Kf8 26. Qxf6 Nd7 27. Qd6+ Ke8 28. Rxc6 f4 29. Rc7 Rd8 30. Nh3 Qa1+ 31. Kh2 Qe1 32. Ng5 Qxh4+ 33. Nh3 Qg3+ 34. Kg1 Qe1+ 35. Kh2 Qg3+ 36. Kg1 Qe1+ 37. Kh2 Qg3+ 1/2-1/2

[Event "Titled Tuesday intern op 21st Dec"]
[Site "Chess.com INT"]
[Date "2021.12.21"]
[Round "9"]
[White "Jacobson, Brandon"]
[Black "Savchenko, Boris"]
[Result "1-0"]
[WhiteElo "2530"]
[BlackElo "2535"]
[PlyCount "53"]
[EventDate "2021.12.21"]
[EventType "swiss (blitz)"]
[EventRounds "11"]
[EventCountry "USA"]
[SourceTitle "CBM 205 Extra"]
[Source "ChessBase"]
[SourceDate "2022.01.31"]
[SourceVersion "1"]
[SourceVersionDate "2022.01.31"]
[SourceQuality "1"]

1. Nf3 c5 2. c4 Nc6 3. Nc3 Nf6 4. d4 cxd4 5. Nxd4 e6 6. e4 Bb4 7. Nxc6 bxc6 8. Bd3 d5 9. cxd5 exd5 10. exd5 Nxd5 11. O-O O-O 12. Nxd5 cxd5 13. Be3 a5 14. Bd4 Ba6 15. Qg4 g6 16. Rad1 Re8 17. Bxa6 Rxa6 18. Rd3 Re4 19. Qf3 Rae6 20. g3 Qc7 21. Rfd1 Qc2 22. a3 Be1 23. Be3 Qxb2 24. Rxd5 Bc3 25. Bh6 Bg7 26. Rd8+ Re8 27. Qxe4 1-0

[Event "Titled Tuesday intern op 21st Dec"]
[Site "Chess.com INT"]
[Date "2021.12.21"]
[Round "9"]
[White "Jakubowski, Krzysztof"]
[Black "Shyam, Nikil P"]
[Result "0-1"]
[WhiteElo "2471"]
[BlackElo "2442"]
[PlyCount "116"]
[EventDate "2021.12.21"]
[EventType "swiss (blitz)"]
[EventRounds "11"]
[EventCountry "USA"]
[SourceTitle "CBM 205 Extra"]
[Source "ChessBase"]
[SourceDate "2022.01.31"]
[SourceVersion "1"]
[SourceVersionDate "2022.01.31"]
[SourceQuality "1"]

1. e4 c5 2. Nf3 Nc6 3. d4 cxd4 4. Nxd4 g6 5. Nc3 Bg7 6. Be3 Nf6 7. Bc4 O-O 8. Bb3 d5 9. exd5 Na5 10. h3 Nxb3 11. Nxb3 b6 12. Qd2 Bb7 13. O-O-O Qd7 14. Bh6 Rfd8 15. Bxg7 Kxg7 16. Qd4 Bxd5 17. Nxd5 Qxd5 18. Qxd5 Rxd5 19. Rxd5 Nxd5 20. g3 Rc8 21. a3 g5 22. Nd4 e6 23. Rd1 Kf6 24. Nb5 a6 25. Nd6 Rc6 26. Ne4+ Kg6 27. Rd4 b5 28. c3 f5 29. Nd2 Kf6 30. Kc2 h5 31. Kb3 Nb6 32. Rd8 Ke7 33. Rh8 Rd6 34. Kc2 g4 35. Rxh5 gxh3 36. Rxh3 Na4 37. Rh7+ Kf6 38. Nb3 Kg5 39. Nd4 Nc5 40. Nf3+ Kg6 41. Rc7 Nd3 42. c4 bxc4 43. Rxc4 Nxf2 44. Ne5+ Kf6 45. Nc6 e5 46. b4 e4 47. Nd4 e3 48. a4 Ne4 49. b5 axb5 50. axb5 e2 51. Nxe2 Rd2+ 52. Kb3 Rxe2 53. Rc6+ Ke5 54. b6 Re1 55. Kb2 Re2+ 56. Kb3 Nd6 57. Rc5+ Kd4 58. b7 Re8 0-1

[Event "Titled Tuesday intern op 21st Dec"]
[Site "Chess.com INT"]
[Date "2021.12.21"]
[Round "9"]
[White "Kalashian, David"]
[Black "Kazancev, Valerij M"]
[Result "1-0"]
[WhiteElo "2398"]
[BlackElo "2313"]
[PlyCount "79"]
[EventDate "2021.12.21"]
[EventType "swiss (blitz)"]
[EventRounds "11"]
[EventCountry "USA"]
[SourceTitle "CBM 205 Extra"]
[Source "ChessBase"]
[SourceDate "2022.01.31"]
[SourceVersion "1"]
[SourceVersionDate "2022.01.31"]
[SourceQuality "1"]

1. d4 Nf6 2. c4 c6 3. Nf3 d5 4. Qc2 g6 5. g3 Bg7 6. Bg2 O-O 7. O-O a6 8. b3 Bf5 9. Qd1 h6 10. Nc3 g5 11. Ne5 e6 12. Ba3 Re8 13. cxd5 exd5 14. e3 Nbd7 15. f4 g4 16. Rc1 h5 17. Na4 Ne4 18. Nc3 Nxc3 19. Rxc3 f6 20. Nxd7 Qxd7 21. b4 Re6 22. Bc1 Rae8 23. a4 Bf8 24. Qb3 Kg7 25. Bd2 Be4 26. Rfc1 Bxg2 27. Kxg2 b5 28. axb5 axb5 29. Ra1 Kh6 30. Rc2 Qh7 31. Rac1 Qe4+ 32. Kg1 h4 33. gxh4 g3 34. hxg3 Qf3 35. Rc3 Qxg3+ 36. Kf1 Qf3+ 37. Ke1 Re4 38. Qd1 Qg3+ 39. Ke2 Bxb4 40. Rd3 1-0

[Event "Titled Tuesday intern op 21st Dec"]
[Site "Chess.com INT"]
[Date "2021.12.21"]
[Round "9"]
[White "Khamdamova, Afruza"]
[Black "Estrada Nieto, Julian"]
[Result "0-1"]
[WhiteElo "1771"]
[BlackElo "2253"]
[PlyCount "122"]
[EventDate "2021.12.21"]
[EventType "swiss (blitz)"]
[EventRounds "11"]
[EventCountry "USA"]
[SourceTitle "CBM 205 Extra"]
[Source "ChessBase"]
[SourceDate "2022.01.31"]
[SourceVersion "1"]
[SourceVersionDate "2022.01.31"]
[SourceQuality "1"]

1. e4 e5 2. Nf3 Nc6 3. Bb5 a6 4. Ba4 Nge7 5. c3 g6 6. d4 exd4 7. cxd4 d5 8. e5 Bg7 9. O-O h6 10. h3 O-O 11. Nc3 g5 12. Bc2 f5 13. exf6 Rxf6 14. Ne5 Qd6 15. Re1 Bf5 16. Bxf5 Rxf5 17. Nxc6 Nxc6 18. Be3 Re8 19. Qd3 Rf7 20. Rad1 Rfe7 21. Rf1 Nd8 22. Ne2 Ne6 23. Ng3 Nf4 24. Bxf4 Qxf4 25. Nf5 Re2 26. Nxg7 Kxg7 27. Qb3 Qd6 28. Qxb7 Rc2 29. Rc1 Ree2 30. Rxc2 Rxc2 31. Qb3 Qc6 32. Re1 Rc1 33. Qe3 Rxe1+ 34. Qxe1 Kf7 35. Qc3 Qb6 36. Kf1 Ke6 37. Ke2 Kd6 38. Kd2 Qb5 39. b4 Qa4 40. a3 c6 41. Kc1 Kd7 42. Kb2 Qb5 43. Qc2 Qb6 44. Qf5+ Kc7 45. Qe5+ Kb7 46. Qg7+ Ka8 47. Qf8+ Kb7 48. Qc5 Qc7 49. Kc3 Qf4 50. Qe7+ Kb6 51. Qe3 Qf5 52. Qf3 Qb1 53. Qf8 Qc1+ 54. Kb3 Qc4+ 55. Kb2 Qxd4+ 56. Kb1 Qd3+ 57. Kb2 Qd4+ 58. Kb1 Kb5 59. Qb8+ Ka4 60. Qb7 Kb3 61. Qxc6 Qb2# 0-1

[Event "Titled Tuesday intern op 21st Dec"]
[Site "Chess.com INT"]
[Date "2021.12.21"]
[Round "9"]
[White "Mamedyarov, Shakhriyar"]
[Black "Babazada, Khazar Araz"]
[Result "1-0"]
[WhiteElo "2767"]
[BlackElo "2429"]
[PlyCount "71"]
[EventDate "2021.12.21"]
[EventType "swiss (blitz)"]
[EventRounds "11"]
[EventCountry "USA"]
[SourceTitle "CBM 205 Extra"]
[Source "ChessBase"]
[SourceDate "2022.01.31"]
[SourceVersion "1"]
[SourceVersionDate "2022.01.31"]
[SourceQuality "1"]

1. d4 g6 2. e4 Bg7 3. Nf3 c6 4. Nc3 d5 5. h3 dxe4 6. Nxe4 Nf6 7. Bd3 O-O 8. O-O Nbd7 9. c3 Nxe4 10. Bxe4 Nf6 11. Bc2 Qc7 12. Re1 c5 13. Qe2 cxd4 14. Nxd4 Nd5 15. Bb3 e6 16. Bxd5 exd5 17. Qf3 Qd6 18. Bf4 Qb6 19. b3 Qc5 20. Be5 f6 21. Bg3 Bd7 22. Ne6 Bxe6 23. Rxe6 Rfe8 24. Rae1 Rxe6 25. Rxe6 Rc8 26. Bd6 Qc6 27. Qe2 Qd7 28. Bb4 d4 29. Re7 d3 30. Qe3 Qd8 31. Qe6+ Kh8 32. c4 h5 33. Qf7 Qf8 34. Qxg6 d2 35. Qxh5+ Bh6 36. Rd7 1-0

[Event "Titled Tuesday intern op 21st Dec"]
[Site "Chess.com INT"]
[Date "2021.12.21"]
[Round "9"]
[White "Manukian, Artak"]
[Black "Florescu, Codrut Constantin"]
[Result "1-0"]
[WhiteElo "2196"]
[BlackElo "2285"]
[PlyCount "71"]
[EventDate "2021.12.21"]
[EventType "swiss (blitz)"]
[EventRounds "11"]
[EventCountry "USA"]
[SourceTitle "CBM 205 Extra"]
[Source "ChessBase"]
[SourceDate "2022.01.31"]
[SourceVersion "1"]
[SourceVersionDate "2022.01.31"]
[SourceQuality "1"]

1. e4 c5 2. Nf3 e6 3. c3 Nf6 4. e5 Nd5 5. d4 cxd4 6. cxd4 d6 7. Nc3 Nxc3 8. bxc3 Qc7 9. Bd2 Bd7 10. Bd3 Bc6 11. O-O Nd7 12. Re1 dxe5 13. Nxe5 Nxe5 14. Rxe5 Bd6 15. Rh5 g6 16. Rh3 h5 17. a4 O-O-O 18. Qe2 g5 19. Bxg5 Rdg8 20. Rxh5 Rxh5 21. Qxh5 Bf4 22. h4 f6 23. Qg4 Bd5 24. Qxf4 fxg5 25. Qxc7+ Kxc7 26. h5 Rh8 27. g4 Bf3 28. Re1 Bxg4 29. Bg6 Kd6 30. Bf7 Bf3 31. Rxe6+ Kd7 32. Re3 Bxh5 33. Rh3 Rf8 34. Bxh5 Rf4 35. Rg3 Kc7 36. Rxg5 1-0